00823nam a2200253Ia 4500003000900000008004100009020002200050040001600072080001200088100002000100245007500120250001700195260004000212300001700252650002800269650002300297650001600320650001900336700002600355700002400381942000700405999001700412952014000429IN-BaIIA211028s9999 xx 000 0 eng d a978-0-470-56158-4 cIIA Library a53bHAL aHalliday, David 0aPrinciples of physicscDavid Halliday, Robert Resnick and Jearl Walker a9th ext. ed. aNew JerseybJohn Wiley & Sonsc2011 axxii, 1248p. aForce and motion934686 aMeasurement934687 aPhysics973 aVectors925871 aResnick, Robert97993 aWalker, Jearl99425 cBK c18147d18147 00104070aBANbBANcGENd2011-09-26eSIP g4398.00l1o53/ HALp19069r2022-02-05s2021-12-08v4398.00w2011-09-26yBKGRs. 4398.00